Attashnama / (Record no. 524413)

000 -LEADER
fixed length control field 00472nam a22001697a 4500
003 - CONTROL NUMBER IDENTIFIER
control field NUST
038 ## - RECORD CONTENT LICENSOR
Staff Name Waseem
082 ## - DEWEY DECIMAL CLASSIFICATION NUMBER
Classification number 891.439
Author Mark BUK
100 ## - MAIN ENTRY--PERSONAL NAME
Personal name Bukhari, Ashfaq Hussain
9 (RLIN) 15234
245 ## - TITLE STATEMENT
Title Attashnama /
Statement of responsibility, etc. Ashfaq Hussain Bukhari
260 ## - PUBLICATION, DISTRIBUTION, ETC.
Place of publication, distribution, etc. Islamabad :
Name of publisher, distributor, etc. Tahir Printing Press,
Date of publication, distribution, etc. 2013.
300 ## - PHYSICAL DESCRIPTION
Extent 240 p. ;
500 ## - GENERAL NOTE
General note Papercover.
880 ## - ALTERNATE GRAPHIC REPRESENTATION
Linkage 100-01\r
-- ٓٓٓٓاشفإق حسین بخاری
880 ## - ALTERNATE GRAPHIC REPRESENTATION
Linkage 245-02\r
-- عطش نامہ /
942 ## - ADDED ENTRY ELEMENTS (KOHA)
Source of classification or shelving scheme
Koha item type Book
Holdings
Withdrawn status Lost status Source of classification or shelving scheme Damaged status Not for loan Permanent Location Current Location Shelving location Date acquired Total Checkouts Full call number Barcode Date last seen Price effective from Koha item type
          Central Library (CL) Central Library (CL) Urdu Literature 06/21/2019   891.439 BUK CL-E-1191 06/21/2019 06/21/2019 Book
© 2023 Central Library, National University of Sciences and Technology. All Rights Reserved.